Las perspectivas del contrato de concesión de obra pública en la República Argentina / (Registro nro. 6202)
[ vista simple ]
| 000 -LEADER | |
|---|---|
| fixed length control field | 01517nabaa22002297a 4500 |
| 003 - CONTROL NUMBER IDENTIFIER | |
| control field | OSt |
| 005 - DATE AND TIME OF LATEST TRANSACTION | |
| control field | 20260125205019.0 |
| 008 - FIXED-LENGTH DATA ELEMENTS--GENERAL INFORMATION | |
| fixed length control field | 190701b xxu||||| |||| 00| 0 spa d |
| 040 ## - CATALOGING SOURCE | |
| Transcribing agency | PJ |
| 100 ## - MAIN ENTRY--PERSONAL NAME | |
| 9 (RLIN) | 6922 |
| Personal name | Flores, Álvaro Bautista |
| 245 13 - TITLE STATEMENT | |
| Title | Las perspectivas del contrato de concesión de obra pública en la República Argentina / |
| Statement of responsibility, etc | Álvaro Bautista Flores. |
| 300 ## - PHYSICAL DESCRIPTION | |
| Extent | p. 62-80 |
| 500 ## - GENERAL NOTE | |
| General note | Cita: TR LALEY AR/DOC/2727/2024 |
| 505 ## - FORMATTED CONTENTS NOTE | |
| Formatted contents note | Sumario: I. Consideraciones iniciales.— II. Lineamientos acerca del contrato de concesión de obra pública.— III. Los principios aplicables al contrato de concesión de obra pública.— IV. Las modalidades en el contrato de concesión de obra pública.— V. La garantía del financiamiento.— VI. El procedimiento de selección, la iniciativa privada y el régimen legal aplicable.— VII. El contenido de la documentación contractual.— VIII. El mantenimiento de la ecuación económico-financiera.— IX. El tratamiento de la extinción anticipada de la concesión.— X. Los mecanismos de resolución de conflictos.— XI. Palabras finales. |
| 505 ## - FORMATTED CONTENTS NOTE | |
| Title | ¿Te interesa el texto completo? Comunicate al correo: koha@justierradelfuego.gov.ar |
| 650 #0 - SUBJECT ADDED ENTRY--TOPICAL TERM | |
| 9 (RLIN) | 211 |
| Topical term or geographic name as entry element | DERECHO ADMINISTRATIVO |
| 650 #0 - SUBJECT ADDED ENTRY--TOPICAL TERM | |
| 9 (RLIN) | 3177 |
| Topical term or geographic name as entry element | REFORMA DEL ESTADO |
| 650 #0 - SUBJECT ADDED ENTRY--TOPICAL TERM | |
| 9 (RLIN) | 3463 |
| Topical term or geographic name as entry element | CONTRATOS |
| 700 ## - ADDED ENTRY--PERSONAL NAME | |
| 9 (RLIN) | 6933 |
| Personal name | Sraiber, Elisa |
| 773 0# - HOST ITEM ENTRY | |
| Host Biblionumber | 2842 |
| Host Itemnumber | 3251 |
| Place, publisher, and date of publication | Buenos Aires : AbeledoPerrot, 2012- |
| Other item identifier | DA121 |
| Title | Derecho administrativo. Nº 156 noviembre/diciembre 2024 |
| International Standard Book Number | 18510590 |
| 942 ## - ADDED ENTRY ELEMENTS (KOHA) | |
| Source of classification or shelving scheme | |
| Koha item type | Analítica Artículo de Revista |
No hay ítems disponibles.
